<?xml version="1.0" encoding="UTF-8"?>
<record
    xmlns:xsi="http://www.w3.org/2001/XMLSchema-instance"
    xsi:schemaLocation="http://www.loc.gov/MARC21/slim http://www.loc.gov/standards/marcxml/schema/MARC21slim.xsd"
    xmlns="http://www.loc.gov/MARC21/slim">

  <leader>00522nam a2200181Ia 4500</leader>
  <datafield tag="952" ind1=" " ind2=" ">
    <subfield code="0">0</subfield>
    <subfield code="1">0</subfield>
    <subfield code="2">ddc</subfield>
    <subfield code="4">0</subfield>
    <subfield code="7">0</subfield>
    <subfield code="8">ELECTRONICS</subfield>
    <subfield code="a">MES</subfield>
    <subfield code="b">MES</subfield>
    <subfield code="c">COMP</subfield>
    <subfield code="d">2019-02-20</subfield>
    <subfield code="g">210.00</subfield>
    <subfield code="l">25</subfield>
    <subfield code="m">45</subfield>
    <subfield code="o">621.38195 RAM/F</subfield>
    <subfield code="p">25665</subfield>
    <subfield code="q">2026-06-09</subfield>
    <subfield code="r">2026-04-28 11:52:57</subfield>
    <subfield code="s">2026-04-28</subfield>
    <subfield code="t">1</subfield>
    <subfield code="w">2019-02-20</subfield>
    <subfield code="y">BK</subfield>
    <subfield code="z">GL32R5</subfield>
  </datafield>
  <datafield tag="952" ind1=" " ind2=" ">
    <subfield code="0">0</subfield>
    <subfield code="1">0</subfield>
    <subfield code="2">ddc</subfield>
    <subfield code="4">0</subfield>
    <subfield code="7">0</subfield>
    <subfield code="8">ELECTRONICS</subfield>
    <subfield code="a">MES</subfield>
    <subfield code="b">MES</subfield>
    <subfield code="c">COMP</subfield>
    <subfield code="d">2019-02-20</subfield>
    <subfield code="g">200.00</subfield>
    <subfield code="l">16</subfield>
    <subfield code="m">32</subfield>
    <subfield code="o">621.38195 RAM/F</subfield>
    <subfield code="p">28597</subfield>
    <subfield code="q">2026-06-09</subfield>
    <subfield code="r">2026-04-28 12:05:17</subfield>
    <subfield code="s">2026-04-28</subfield>
    <subfield code="t">4</subfield>
    <subfield code="w">2019-02-20</subfield>
    <subfield code="y">BK</subfield>
    <subfield code="z">GL32R5</subfield>
  </datafield>
  <datafield tag="952" ind1=" " ind2=" ">
    <subfield code="0">0</subfield>
    <subfield code="1">0</subfield>
    <subfield code="2">ddc</subfield>
    <subfield code="4">0</subfield>
    <subfield code="7">0</subfield>
    <subfield code="8">ELECTRONICS</subfield>
    <subfield code="a">MES</subfield>
    <subfield code="b">MES</subfield>
    <subfield code="c">COMP</subfield>
    <subfield code="d">2019-02-20</subfield>
    <subfield code="g">200.00</subfield>
    <subfield code="l">18</subfield>
    <subfield code="m">26</subfield>
    <subfield code="o">621.38195 RAM/F</subfield>
    <subfield code="p">28598</subfield>
    <subfield code="r">2024-07-05 15:37:06</subfield>
    <subfield code="s">2024-05-22</subfield>
    <subfield code="t">3</subfield>
    <subfield code="w">2019-02-20</subfield>
    <subfield code="y">BK</subfield>
    <subfield code="z">GL32R5</subfield>
  </datafield>
  <datafield tag="952" ind1=" " ind2=" ">
    <subfield code="0">0</subfield>
    <subfield code="1">0</subfield>
    <subfield code="2">ddc</subfield>
    <subfield code="4">0</subfield>
    <subfield code="7">0</subfield>
    <subfield code="8">ELECTRONICS</subfield>
    <subfield code="a">MES</subfield>
    <subfield code="b">MES</subfield>
    <subfield code="c">COMP</subfield>
    <subfield code="d">2019-02-20</subfield>
    <subfield code="g">155.00</subfield>
    <subfield code="l">18</subfield>
    <subfield code="m">34</subfield>
    <subfield code="o">621.38195 RAM/F</subfield>
    <subfield code="p">28599</subfield>
    <subfield code="q">2026-06-09</subfield>
    <subfield code="r">2026-04-28 11:58:12</subfield>
    <subfield code="s">2026-04-28</subfield>
    <subfield code="t">6</subfield>
    <subfield code="w">2019-02-20</subfield>
    <subfield code="y">BK</subfield>
    <subfield code="z">GL32R5</subfield>
  </datafield>
  <datafield tag="952" ind1=" " ind2=" ">
    <subfield code="0">0</subfield>
    <subfield code="1">0</subfield>
    <subfield code="2">ddc</subfield>
    <subfield code="4">0</subfield>
    <subfield code="7">0</subfield>
    <subfield code="8">ELECTRONICS</subfield>
    <subfield code="a">MES</subfield>
    <subfield code="b">MES</subfield>
    <subfield code="c">COMP</subfield>
    <subfield code="d">2019-02-20</subfield>
    <subfield code="g">200.00</subfield>
    <subfield code="l">21</subfield>
    <subfield code="m">36</subfield>
    <subfield code="o">621.38195 RAM/F</subfield>
    <subfield code="p">28600</subfield>
    <subfield code="q">2026-06-09</subfield>
    <subfield code="r">2026-04-28 12:16:37</subfield>
    <subfield code="s">2026-04-28</subfield>
    <subfield code="t">5</subfield>
    <subfield code="w">2019-02-20</subfield>
    <subfield code="y">BK</subfield>
    <subfield code="z">GL32R5</subfield>
  </datafield>
  <datafield tag="952" ind1=" " ind2=" ">
    <subfield code="0">0</subfield>
    <subfield code="1">0</subfield>
    <subfield code="2">ddc</subfield>
    <subfield code="4">0</subfield>
    <subfield code="7">0</subfield>
    <subfield code="8">ELECTRONICS</subfield>
    <subfield code="a">MES</subfield>
    <subfield code="b">MES</subfield>
    <subfield code="c">COMP</subfield>
    <subfield code="d">2019-02-20</subfield>
    <subfield code="g">200.00</subfield>
    <subfield code="l">23</subfield>
    <subfield code="m">28</subfield>
    <subfield code="o">621.38195 RAM/F</subfield>
    <subfield code="p">28601</subfield>
    <subfield code="r">2024-07-05 12:30:55</subfield>
    <subfield code="s">2024-05-28</subfield>
    <subfield code="t">2</subfield>
    <subfield code="w">2019-02-20</subfield>
    <subfield code="y">BK</subfield>
    <subfield code="z">GL32R5</subfield>
  </datafield>
  <datafield tag="999" ind1=" " ind2=" ">
    <subfield code="c">8844</subfield>
    <subfield code="d">8844</subfield>
  </datafield>
  <controlfield tag="003">OSt</controlfield>
  <controlfield tag="005">20201012104021.0</controlfield>
  <controlfield tag="008">190216s9999||||xx |||||||||||||| ||und||</controlfield>
  <datafield tag="040" ind1=" " ind2=" ">
    <subfield code="c">oclc</subfield>
  </datafield>
  <datafield tag="082" ind1=" " ind2=" ">
    <subfield code="a">621.38195</subfield>
    <subfield code="b">RAM/F</subfield>
  </datafield>
  <datafield tag="100" ind1=" " ind2=" ">
    <subfield code="a">Ram, B</subfield>
    <subfield code="9">1052</subfield>
  </datafield>
  <datafield tag="245" ind1=" " ind2="0">
    <subfield code="a">Fundamentals Of Microprocessors And Microcomputers /</subfield>
    <subfield code="c">B Ram</subfield>
  </datafield>
  <datafield tag="250" ind1=" " ind2=" ">
    <subfield code="a">5th Ed.</subfield>
  </datafield>
  <datafield tag="260" ind1=" " ind2=" ">
    <subfield code="b">Dhanpat Rai,</subfield>
    <subfield code="c">2004.</subfield>
    <subfield code="a">New Delhi:</subfield>
  </datafield>
  <datafield tag="300" ind1=" " ind2=" ">
    <subfield code="a">457p</subfield>
  </datafield>
  <datafield tag="650" ind1=" " ind2=" ">
    <subfield code="a">Micro Computers</subfield>
  </datafield>
  <datafield tag="942" ind1=" " ind2=" ">
    <subfield code="c">BK</subfield>
    <subfield code="2">ddc</subfield>
    <subfield code="h">621.38195</subfield>
    <subfield code="i">RAM/F</subfield>
    <subfield code="k">621.38195</subfield>
    <subfield code="m">RAM/F</subfield>
  </datafield>
</record>
